000 00312 a2200157 4500
001 179553
020 _a
040 _cMagnum
100 _aDinorah, Maria
240 1 0 _aGirofle firofla
_lpor
245 1 0 _aGirofle firofla
362 0 _a1899
440 1 _aLĂȘ
697 _aMAGNITO: IJ/POESIA
942 _cBK
999 _c179553
_d179553